Statistiques concernant Capitales avec la lettre U

Cliquez ici pour prendre le quiz!

Statistiques générales

  • Ce quiz a été pris 100 fois
  • Le résultat moyen est 41 sur 58

Statistiques - réponses

HintRéponse% Correct
UBucarest
94%
UBudapest
94%
UMoscou
92%
USéoul
92%
UDublin
90%
UOulan-Bator
90%
UTunis
90%
UVilnius
90%
UBruxelles
87%
UBuenos Aires
87%
UUYamoussoukro
84%
UVaduz
82%
UYaoundé
82%
UAsuncion
81%
ULjubljana
81%
UQuito
81%
UGuatemala
79%
UBakou
77%
UKhartoum
77%
ULuxembourg
77%
UPrague
77%
USingapour
77%
UAbou Dabi
76%
UKatmandou
76%
UKaboul
74%
UChisinau
73%
UCopenhague
73%
UJérusalem
73%
UUUOuagadougou
73%
UTegucigalpa
71%
UBeyrouth
69%
UUKuala Lumpur
69%
UAbuja
68%
ULuanda
68%
UMaputo
68%
UNouakchott
66%
UPort-Louis
66%
USuva
66%
UDjibouti
65%
UManagua
65%
UBangui
63%
ULusaka
63%
UPort-au-Prince
63%
UBissau
61%
UDjouba
61%
UNassau
61%
URoseau
61%
USaint-Domingue
60%
UDouchanbe
58%
UThimphou
58%
UBanjul
56%
USucre
56%
UUFunafuti
52%
UMaseru
52%
UUNuku'alofa
48%
USri Jayawardenapura Kotte
47%
UMajuro
44%
UUNgerulmud
40%

Distribution des résultats

Percentile par nombre de réponses

% des personnes avec chaque résultat

Votre développement - résultats

Vous n’avez pas pris ce quiz